00438nmm a2200145Ia 4500008004100000020001500041041000800056100003100064245002600095264005200121300001800173490002200191650002900213856005000242251105s9999||||xx |||||||||||||||||und|| a8477370532 aspa aAguilar Gavilán, Enrique 0aHistoria de Córdoba a[Madrid, España] :bSílex Ediciones, c1995 a144 páginas a--Sin colección aHistory of Europe: Spain uhttps://public.digitaliapublishing.com/a/1314